00590 a2200205 4500260001000000630011500010650003100125100001600156260003900172300001100211245003300222650003500255650001600290260000900306300001000315100000700325440002600332037001000358044001600368 aParis a91 - Geographie. Exploration de la terre, des diverses regions, des divers pays. Voyages. Geographie regionale a9 - GEOGRAPHIE ET HISTOIRE aDelvert, M. bCentre Documentation universitaire a166 p. aGéographie : l'Indonésie aGéographie de l'Indonésiee aIndonésie c1968 b27 cm lFr aLes cours de Sorbonne a15028 cIndonésie